Poznatky z výskumu použitia solárnej energie pri predsúšaní a sušení reziva

Bibliographic Details
Main Author: Koberle, M. (Author)
Format: Article
Language:Slovak
PhysicalDescription:Res. slov., ruš., lit. 5 zázn. v slov., nem.
Subjects:

MARC

LEADER 00000nab a2200000 a 4500
001 vtls000249297
003 SK-MaSNL
005 20260302211436.0
008 111202c1986 xo 0 slo
015 |a SNBRA19rr/mm-uuuuu 
035 |a CL0259411 
040 |a SNKBUCL  |b slo  |c SNKBUCL  |e AACR2 
041 0 |a slo 
044 |a xo  |c SK 
080 |a 674.047:674-414  |2 1981 
080 |a 674-414  |2 1981 
100 1 |a Koberle, M.  |4 aut  |9 399556 
245 1 0 |a Poznatky z výskumu použitia solárnej energie pri predsúšaní a sušení reziva  |c M. Koberle 
300 |b Res. slov., ruš., lit. 5 zázn. v slov., nem. 
650 0 7 |a rezivo  |2 snkbucl  |9 322325 
650 0 7 |a sušenie reziva  |2 snkbucl  |9 935032 
650 0 7 |a solárna energia  |2 snkbucl  |9 3508 
655 7 |a články zo zborníkov  |2 snkbucl  |9 166140 
773 0 |t Nové poznatky výskumu ako prostriedok k zabezpečovaniu vývoja energeticky nenáročných sušiarní. 2. diel  |d Bratislava : Dom techniky ČSVTS, 1986  |g S. 141-143 
850 |a Slovenská národná knižnica v Martine  |a MTA001 
852 |a SNK  |b KIS3GCP 
958 |a RK 
992 |a RZB 
999 |c 1485256  |d 1487186